UBT Library

Improving group decision making in organizations : (Record no. 40364)

000 -LEADER
fixed length control field 00627cam a2200217 a 4500
001 - CONTROL NUMBER
control field 2788913
005 - DATE AND TIME OF LATEST TRANSACTION
control field 20180116051208.0
008 - FIXED-LENGTH DATA ELEMENTS--GENERAL INFORMATION
fixed length control field 820104s1982 nyua b 001 0 eng
010 ## - LIBRARY OF CONGRESS CONTROL NUMBER
LC control number 81022827
020 ## - INTERNATIONAL STANDARD BOOK NUMBER
International Standard Book Number 0123109809
040 ## - CATALOGING SOURCE
Original cataloging agency DLC
Transcribing agency DLC
Modifying agency DLC
041 ## - LANGUAGE CODE
Language code of text/sound track or separate title eng
080 ## - UNIVERSAL DECIMAL CLASSIFICATION NUMBER
Universal Decimal Classification number 658.4036
082 00 - DEWEY DECIMAL CLASSIFICATION NUMBER
Classification number 658.4036 GUZ
Edition number 19
100 ## - Rafti
Rafti 54
101 ## - Shkurtesa
Shkurtesa LID
245 00 - TITLE STATEMENT
Title Improving group decision making in organizations :
Statement of responsibility, etc edited by Richard A. Guzzo.
504 ## - BIBLIOGRAPHY, ETC. NOTE
Bibliography, etc Includes bibliographies and index.
906 ## - LOCAL DATA ELEMENT F, LDF (RLIN)
a 7
b cbc
c orignew
d 1
e ocip
f 19
g y-gencatlg
942 ## - ADDED ENTRY ELEMENTS (KOHA)
Source of classification or shelving scheme
Item type Books
Holdings
Withdrawn status Lost status Source of classification or shelving scheme Damaged status Not for loan Collection code Permanent location Current location Shelving location Date acquired Total Checkouts Full call number Barcode Date last seen Price effective from Koha item type
          Koleksioni i përgjithshem UBT - Lipjan UBT - Lipjan Koleksioni i përgjithshem 01/16/2018   658.4036 GUZ 002-2995580 01/16/2018 01/16/2018 Books
UBT Library © 2015-2024. All rights reserved University Education for Business and Technology